Countries Where Both Islam and Christianity Are Widely Practiced - Statistics

General Stats
  • This quiz has been taken 73 times
  • The average score is 6 of 10
Answer Stats
Christians % Muslims % (Diff.) Country % Correct
49.0 49.0 (0) Nigeria
91%
67.3 31.3 (36) Ethiopia
70%
45.1 51.3 (6.2) Bosnia and Herzegovina
69%
41.4 53.3 (11.9) Lebanon
64%
57.0 37.0 (20) Tanzania
64%
41.0 55.0 (14) Chad
60%
49.0 49.0 (0) Eritrea
54%
66.3 30.6 (35.7) Cameroon
53%
60.4 32.1 (28.3) North Macedonia
51%
39.8 42.5 (2.7) Côte d'Ivoire
47%
No matching quizzes found
Score Distribution
Percent of People with Each Score
Percentile by Number Answered
Your Score History
You have not taken this quiz